Kültür ve Sanat Platformu Bülteni (Record no. 11343)
[ view plain ]
| 000 -BAŞLIK | |
|---|---|
| Sabit Uzunlukta Kontrol Alanı | 01062na a2200301 4500 |
| 001 - KONTROL NUMARASI | |
| Denetim Alanı | 22721 |
| 003 - KONTROL NUMARASI IDENTIFIER | |
| Denetim Alanı | MIRAKIL |
| 005 - SON İŞLEM TARİHİ VE ZAMANI | |
| Denetim Alanı | 20181226092843.0 |
| 008 - SABİT-BOY VERİ ELEMANLARI - GENEL BİLGİLER | |
| Sabit Uzunlukta Kontrol Alanı | 170223b tu n0 0 0 |
| 035 ## - SİSTEM KONTROL NUMARASI | |
| Sistem Kontrol Numarası | 20919 |
| 040 ## - KATALOGLAMA KAYNAK | |
| Orijinal Kataloglama Ajansı | Milas |
| Kataloglama Dili | tur |
| Metne Dönüştürmek Ajansı | TR-AnCHP |
| 041 ## - DİL KODU | |
| Metin / Ses Parça Veya Ayrı Başlığın Dil Kodu | tur |
| 082 ## - DEWEY ONLU SINIFLANDIRMA NUMARASI | |
| Sınıflandırma Numarası | CHP 050 |
| Ürün Numarası | KSP 2015 |
| 090 ## - SINIFLAMA NUMARASI | |
| Sınıflama Numarası | ARŞİV-KÜLTÜR VE SANAT |
| 222 ## - ANAHTAR ADI | |
| Anahtar Başlık | Kültür ve Sanat Platformu Bülteni |
| 245 ## - BAŞLIK TABLOSU | |
| Başlık | Kültür ve Sanat Platformu Bülteni |
| Sorumluluk Tablosu, Vb | [yayınlayan] CHP Kültür ve Sanat Platformu |
| 260 ## - YAYIN, DAĞITIM, VB | |
| Yayın, Dağıtım, Vb Yeri | Ankara |
| Yayıncı, Dağıtıcı, Vs Adı | CHP Kültür ve Sanat Platformu |
| Yayın, Dağıtım, Vb Tarihi | 2015 |
| 300 ## - FİZİKSEL TANIM | |
| Kapsam | c. |
| Diğer Fiziksel Ayrıntıları | rnk. res. |
| Boyutlar | 30 sm. |
| 362 ## - YAYIN VE / VEYA SIRALI GÖREVLENDİRİLMESİNE TARİHLERİ | |
| Yayın Ve / Veya Ardışık Kullanım Amacı Tarihleri | sayı 1 (Ocak 2015)- sayı 5 (Mayıs 2015) |
| 500 ## - GENEL NOT | |
| Genel Not | Siyasi bülten |
| 610 ## - KONU KATMA GİRİŞ - TOPLANTI ADI | |
| Giriş Elemanı Olarak Kurumsal Ad Veya Yargı Alanı Adı | Cumhuriyet Halk Partisi (CHP) |
| Alt Birim | Kültür ve Sanat Platformu |
| Biçim Alt Bölümü | Süreli yayınlar |
| 651 ## - KONU KATMA GİRİŞ - COĞRAFİ ADI | |
| Coğrafi İsim | Türkiye |
| Genel Alt Bölümü | Siyaset ve yönetim |
| Kronolojik Alt Bölümü | Süreli yayınlar |
| 651 ## - KONU KATMA GİRİŞ - COĞRAFİ ADI | |
| Coğrafi İsim | Türkiye |
| Genel Alt Bölümü | Kültür ve sanat |
| Kronolojik Alt Bölümü | Süreli yayınlar |
| 710 ## - KATMA GİRİŞ - KURUMSAL ADI | |
| Giriş Elemanı Olarak Kurumsal Ad Veya Yargı Alanı Adı | Cumhuriyet Halk Partisi (CHP) |
| Alt Birim | Gençlik Kolları |
| 910 ## - KULLANICI SEÇENEK, VERİLERİN (OCLC) | |
| Kullanıcı Seçenek Veri | DERGİ 176 ARŞİV-KÜLTÜR VE SANAT |
| 942 ## - EKLENDİ GİRİŞ ELEMANLARI (KOHA) | |
| Sınıflandırma Veya Raf Düzeni Kaynak | Dewey Decimal Classification |
| Koha Öğesi Türü | Serials |
| 999 ## - SİSTEM KONTROL NUMARALARI (KOHA) | |
| Koha Biblionumber | 11343 |
| Koha Biblioitemnumber | 11343 |
| 655 ## - INDEX DÖNEM - TÜR / FORMU | |
| -- | Bülten |
| Kullanım Kısıtlamaları | Kalıcı Konum | Mevcut Konum | Edinme Tarihi | Kodlu Konum Eleme | Toplam Check-Out'Lar | Tam Çağrı Numarası | Barkod | Tarih Son Görülme | İtibaren Geçerli Fiyatlar | Sigara Kamu Notu | Koha Öğesi Türü |
|---|---|---|---|---|---|---|---|---|---|---|---|
| Kütüphane dışına çıkarılamaz | CHP Kütüphanesi | CHP Kütüphanesi | 02/23/2017 | ARŞİV-KÜLTÜR ve SANAT | ATA 050 DER 63 | D176-1 | 02/23/2017 | 02/23/2017 | Ciltli | Serials | |
| Kütüphane dışına çıkarılamaz | CHP Kütüphanesi | CHP Kütüphanesi | 02/23/2017 | ARŞİV-KÜLTÜR ve SANAT | HALKEVLERİ 050 DER 65 | D176-2 | 02/23/2017 | 02/23/2017 | Ciltli | Serials |
